000
00199nam a2200073Ia 4500
008
170817s9999 xx 000 0 und d
100
_a
Lal.J.P
245
0
_a
Educational Measurement And Evaluation
260
_b
Anmol Publications Delhi
999
_c
38884
_d
38884